[Event "Reykjavik op"]
[Site "Reykjavik"]
[Date "2023.03.31"]
[Round "4"]
[White "Yedid, Lior"]
[Black "Daemering, Katrin"]
[Result "0-1"]
[WhiteElo "1586"]
[BlackElo "1991"]
[PlyCount "72"]
[EventDate "2023.03.29"]
[EventType "swiss"]
[EventRounds "9"]
[EventCountry "ISL"]
[SourceTitle "CBM 213 Extra"]
[Source "ChessBase"]
[SourceDate "2023.05.31"]
[SourceVersion "1"]
[SourceVersionDate "2023.05.31"]
[SourceQuality "1"]

1. e4 c5 2. Ne2 Nc6 3. g3 g6 4. Bg2 Bg7 5. 0-0 d6 6. c3 e5 7. a3 Be6 8. d3 Nge7 9. Be3 0-0 10. h3 Qd7 11. Kh2 f5 12. f4 Rad8 13. Nd2 b6 14. Nf3 h6 15. Qd2 Kh7 16. Nh4 d5 17. exf5 Nxf5 18. Nxf5 Bxf5 19. g4 Be6 20. fxe5 Nxe5 21. Nf4 Qd6 22. Kg1 d4 23. cxd4 cxd4 24. Bf2 Nxg4 25. Bg3 Ne3 26. Rfc1 Bd7 27. Ne2 Be5 28. Bxe5 Qxe5 29. Qe1 Rde8 30. Qg3 Nxg2 31. Rc7 Rf7 32. Qxe5 Rxe5 33. Nxd4 Nf4 34. Nc6 Nxh3+ 35. Kg2 Rc5 36. d4 Bxc6+ 0-1

[Event "GER-ch blitz (Women)"]
[Site "Magdeburg"]
[Date "2022.08.13"]
[Round "21"]
[White "Daemering, Katrin"]
[Black "Stangl, Anita"]
[Result "1-0"]
[WhiteElo "2097"]
[BlackElo "2033"]
[PlyCount "63"]
[EventDate "2022.08.13"]
[EventType "tourn (blitz)"]
[EventRounds "23"]
[EventCountry "GER"]
[SourceTitle "CBM 209 Extra"]
[Source "ChessBase"]
[SourceDate "2022.09.30"]
[SourceVersion "1"]
[SourceVersionDate "2022.09.30"]
[SourceQuality "1"]

1. e4 e6 2. d3 d5 3. Qe2 dxe4 4. dxe4 c5 5. Nc3 Nc6 6. Nf3 Nf6 7. Bd2 a6 8. 0-0-0 Qc7 9. g3 Be7 10. Bg2 0-0 11. Bf4 Qa5 12. Kb1 b5 13. e5 Nh5 14. Bd2 b4 15. Ne4 Bb7 16. g4 Nd4 17. Nxd4 cxd4 18. gxh5 Qxe5 19. Qg4 f5 20. Bf4 Qb5 21. Qg3 fxe4 22. h6 g6 23. Rxd4 Bd5 24. Bxe4 Bf6 25. Bxg6 Kh8 26. Bd3 Bxh1 27. Bxb5 Bxd4 28. Bc4 Ra7 29. Be5+ Bxe5 30. Qxe5+ Kg8 31. Bxe6+ Raf7 32. Qg7# 1-0

[Event "GER-ch blitz (Women)"]
[Site "Magdeburg"]
[Date "2022.08.13"]
[Round "14"]
[White "Grabowski, Petra1111"]
[Black "Daemering, Katrin"]
[Result "0-1"]
[WhiteElo "1656"]
[BlackElo "2097"]
[PlyCount "144"]
[EventDate "2022.08.13"]
[EventType "tourn (blitz)"]
[EventRounds "23"]
[EventCountry "GER"]
[SourceTitle "CBM 209 Extra"]
[Source "ChessBase"]
[SourceDate "2022.09.30"]
[SourceVersion "1"]
[SourceVersionDate "2022.09.30"]
[SourceQuality "1"]

1. d4 d6 2. e4 g6 3. Nc3 Bg7 4. Be3 Nf6 5. Nf3 Nbd7 6. Qd2 Ng4 7. Bg5 h6 8. Bh4 c5 9. h3 Ngf6 10. Be2 a6 11. e5 cxd4 12. Qxd4 dxe5 13. Nxe5 Nh5 14. f4 Nxf4 15. Qxf4 Nxe5 16. Rd1 Qb6 17. Qa4+ Bd7 18. Qb3 Qxb3 19. axb3 e6 20. 0-0 0-0 21. Ne4 Bc6 22. Bd3 Nxd3 23. cxd3 g5 24. Bf2 Bxb2 25. Rd2 Bg7 26. Rc1 Rad8 27. Rdc2 Rxd3 28. Nc5 Rd5 29. Na4 Rfd8 30. Nc3 Rd2 31. Kh2 Rxc2 32. Rxc2 Rd3 33. Nb1 Rxb3 34. Nd2 Rd3 35. Nf3 Bxf3 36. gxf3 Rxf3 37. Kg2 Rd3 38. Rc8+ Kh7 39. Rc7 Rd2 40. Kf3 Rb2 41. Rxf7 Rb3+ 42. Kg2 Kg6 43. Re7 Rb2 44. Kf3 Bf8 45. Rxe6+ Kf5 46. Re8 Bd6 47. Rd8 Bc7 48. Rd7 Rb3+ 49. Kg2 Bf4 50. Rh7 Kg6 51. Rd7 a5 52. Re7 a4 53. Re6+ Kf5 54. Re8 a3 55. Ra8 b5 56. Bd4 b4 57. Rb8 a2 58. Rb5+ Ke4 59. Bg7 h5 60. Bf6 Rb1 61. Ra5 b3 62. Ra4+ Kd3 63. Ra3 Kc2 64. Bd4 Bd2 65. Bf6 Bc1 66. Ra4 Bb2 67. Rc4+ Kd3 68. Rc6 Bxf6 69. Rxf6 a1Q 70. Rf3+ Ke4 71. Rf7 Rb2+ 72. Kg3 Qg1# 0-1

[Event "GER-ch blitz (Women)"]
[Site "Magdeburg"]
[Date "2022.08.13"]
[Round "1"]
[White "Leveikina, Jevgenija"]
[Black "Daemering, Katrin"]
[Result "1-0"]
[WhiteElo "2032"]
[BlackElo "2097"]
[PlyCount "74"]
[EventDate "2022.08.13"]
[EventType "tourn (blitz)"]
[EventRounds "23"]
[EventCountry "GER"]
[SourceTitle "CBM 209 Extra"]
[Source "ChessBase"]
[SourceDate "2022.09.30"]
[SourceVersion "1"]
[SourceVersionDate "2022.09.30"]
[SourceQuality "1"]

1. d4 d6 2. Nf3 g6 3. g3 Bg7 4. Bg2 Nd7 5. 0-0 e5 6. dxe5 dxe5 7. c3 Ne7 8. Nbd2 0-0 9. e4 h6 10. Qc2 c6 11. a4 Qc7 12. b3 f5 13. Ba3 Rf7 14. Rad1 Nf6 15. Nh4 Kh7 16. Bxe7 Qxe7 17. exf5 g5 18. Ng6 Qc7 19. Nc4 Ne8 20. f6 Rxf6 21. Ngxe5+ Bf5 22. Be4 Bxe4 23. Qxe4+ Kg8 24. Rd7 Qc8 25. Rfd1 Rf8 26. Qg6 b5 27. Qe6+ Kh7 28. Nd6 Rf6 29. Qe7 Rxd6 30. R1xd6 bxa4 31. Rd8 Nxd6 32. Rxc8 Nxc8 33. Qf7 Nd6 34. Qe6 Rd8 35. Qg6+ Kg8 36. bxa4 Kf8 37. Nxc6 Rd7 1-0

[Event "GER-chT Federal Cup (Women)"]
[Site "Braunfels"]
[Date "2022.06.18"]
[Round "4.12"]
[White "Valkova, Angelika"]
[Black "Daemering, Katrin"]
[Result "1-0"]
[WhiteElo "2066"]
[BlackElo "1966"]
[PlyCount "67"]
[EventDate "2022.06.15"]
[EventType "team-swiss"]
[EventRounds "5"]
[EventCountry "GER"]
[SourceTitle "EXT 2023"]
[Source "ChessBase"]
[SourceDate "2022.10.05"]
[SourceVersion "1"]
[SourceVersionDate "2022.10.05"]
[SourceQuality "1"]

1. d4 d6 2. e4 g6 3. c4 Bg7 4. Nc3 Nc6 5. Be3 e5 6. d5 Nce7 7. g4 h5 8. g5 f5 9. gxf6 Nxf6 10. f3 Bd7 11. Qd2 Nh7 12. 0-0-0 g5 13. h4 g4 14. fxg4 Bxg4 15. Be2 Nf6 16. Kb1 Qd7 17. Nf3 0-0-0 18. Ng5 Ng6 19. Bxg4 hxg4 20. Ne6 Rdg8 21. Bg5 Nf8 22. Nxg7 Qxg7 23. Qf2 N6h7 24. Qxa7 Nxg5 25. hxg5 Nd7 26. Nb5 Rxh1 27. Rxh1 Qg6 28. Re1 Nc5 29. Qa5 Na6 30. c5 g3 31. cxd6 cxd6 32. Qb6 g2 33. Rc1+ Kd7 34. Qxb7+ 1-0

[Event "BL 1920 (Women)"]
[Site "Germany"]
[Date "2021.09.03"]
[Round "9.4"]
[White "Daemering, Katrin"]
[Black "Stockova, Zuzana"]
[Result "0-1"]
[WhiteElo "1999"]
[BlackElo "2294"]
[PlyCount "44"]
[EventDate "2019.09.14"]
[EventType "team-tourn"]
[EventRounds "11"]
[EventCountry "GER"]
[SourceTitle "EXT 2022"]
[Source "ChessBase"]
[SourceDate "2021.10.06"]
[SourceVersion "1"]
[SourceVersionDate "2021.10.06"]
[SourceQuality "1"]
[WhiteTeam "Leipzig Weissblau (W)"]
[BlackTeam "Rodewisch (W)"]
[WhiteTeamCountry "GER"]
[BlackTeamCountry "GER"]

1. e4 e6 2. d4 d5 3. Nd2 Nf6 4. e5 Nfd7 5. Ngf3 c5 6. c3 Nc6 7. Be2 cxd4 8. cxd4 f6 9. exf6 Qxf6 10. Nb3 h6 11. 0-0 Bd6 12. Be3 0-0 13. a3 Rd8 14. Rc1 e5 15. dxe5 Ndxe5 16. Nbd4 Bg4 17. Rc3 Kh8 18. Nxc6 bxc6 19. Bd4 Bxf3 20. Bxf3 Rf8 21. b4 Qf4 22. Bxe5 Qxe5 0-1

[Event "GER-ch blitz (Women)"]
[Site "Magdeburg"]
[Date "2019.05.25"]
[Round "12"]
[White "Daemering, Katrin"]
[Black "Mader, Lena"]
[Result "1-0"]
[WhiteElo "2003"]
[BlackElo "1839"]
[PlyCount "43"]
[EventDate "2019.05.25"]
[EventType "tourn (blitz)"]
[EventRounds "29"]
[EventCountry "GER"]
[SourceTitle "CBM 190 Extra"]
[Source "ChessBase"]
[SourceDate "2019.07.15"]
[SourceVersion "1"]
[SourceVersionDate "2019.07.15"]
[SourceQuality "1"]

1. Nf3 Nf6 2. g3 g6 3. Bg2 Bg7 4. d3 d5 5. 0-0 0-0 6. Nbd2 c5 7. c4 d4 8. a3 Nc6 9. Rb1 a5 10. Ne1 e5 11. h3 Qc7 12. e3 Be6 13. Ndf3 dxe3 14. fxe3 e4 15. Ng5 Bf5 16. g4 Bxg4 17. hxg4 exd3 18. Nxd3 Rad8 19. Qe2 Qg3 20. Nf2 h6 21. Nge4 Qc7 22. Nxc5 1-0

[Event "GER-ch blitz (Women)"]
[Site "Magdeburg"]
[Date "2019.05.25"]
[Round "21"]
[White "Daemering, Katrin"]
[Black "Michna, Marta"]
[Result "0-1"]
[WhiteElo "2003"]
[BlackElo "2355"]
[PlyCount "60"]
[EventDate "2019.05.25"]
[EventType "tourn (blitz)"]
[EventRounds "29"]
[EventCountry "GER"]
[SourceTitle "CBM 190 Extra"]
[Source "ChessBase"]
[SourceDate "2019.07.15"]
[SourceVersion "1"]
[SourceVersionDate "2019.07.15"]
[SourceQuality "1"]

1. Nf3 Nf6 2. g3 g6 3. Bg2 Bg7 4. d3 d6 5. c4 0-0 6. Nc3 e5 7. 0-0 c6 8. Rb1 h6 9. Bd2 Be6 10. b4 Nbd7 11. h3 d5 12. c5 d4 13. Ne4 Nxe4 14. dxe4 Bxa2 15. Rb2 Be6 16. Qc1 Kh7 17. e3 f5 18. exf5 Bxf5 19. exd4 exd4 20. Bf4 Re8 21. Rd2 Nf8 22. Bd6 Ne6 23. Re1 Ng5 24. Rxe8 Qxe8 25. Nxd4 Bxh3 26. Re2 Qg8 27. Re7 Re8 28. Qe3 Rxe7 29. Qxe7 Bxg2 30. Kxg2 Qd5+ 0-1

[Event "GER-ch blitz (Women)"]
[Site "Magdeburg"]
[Date "2019.05.25"]
[Round "19"]
[White "Daemering, Katrin"]
[Black "Sieber, Fiona"]
[Result "1-0"]
[WhiteElo "2003"]
[BlackElo "2250"]
[PlyCount "44"]
[EventDate "2019.05.25"]
[EventType "tourn (blitz)"]
[EventRounds "29"]
[EventCountry "GER"]
[SourceTitle "CBM 190 Extra"]
[Source "ChessBase"]
[SourceDate "2019.07.15"]
[SourceVersion "1"]
[SourceVersionDate "2019.07.15"]
[SourceQuality "1"]

1. Nf3 Nf6 2. g3 g6 3. Bg2 Bg7 4. d3 d5 5. 0-0 0-0 6. Nbd2 c5 7. c4 d4 8. a3 Nc6 9. Rb1 a5 10. Ne1 a4 11. b4 axb3 12. Nxb3 Qd6 13. e3 e5 14. exd4 cxd4 15. Nf3 Nd7 16. Nfd2 f5 17. Qc2 Nf6 18. c5 Qe7 19. Nc4 e4 20. Bg5 Be6 21. dxe4 h6 22. Bxf6 Bxf6 1-0

[Event "GER-ch blitz (Women)"]
[Site "Magdeburg"]
[Date "2019.05.25"]
[Round "22"]
[White "Muetsch, Annmarie"]
[Black "Daemering, Katrin"]
[Result "1-0"]
[WhiteElo "2266"]
[BlackElo "2003"]
[PlyCount "144"]
[EventDate "2019.05.25"]
[EventType "tourn (blitz)"]
[EventRounds "29"]
[EventCountry "GER"]
[SourceTitle "CBM 190 Extra"]
[Source "ChessBase"]
[SourceDate "2019.07.15"]
[SourceVersion "1"]
[SourceVersionDate "2019.07.15"]
[SourceQuality "1"]

1. e4 c5 2. Nf3 d6 3. Bb5+ Nd7 4. c3 Ngf6 5. Qe2 e6 6. 0-0 Be7 7. d4 cxd4 8. cxd4 0-0 9. Nc3 a6 10. Ba4 b5 11. Bc2 Bb7 12. a3 Rc8 13. h3 Nb6 14. Bf4 Nc4 15. Bd3 Re8 16. Rac1 h6 17. Rfd1 Qb6 18. Bh2 Bf8 19. e5 Bxf3 20. Qxf3 dxe5 21. dxe5 Nd7 22. Bxc4 Nxe5 23. Bxe5 Rxc4 24. Ne2 Rec8 25. Rxc4 bxc4 26. Bc3 Qb3 27. Re1 Rd8 28. Ng3 Qb6 29. Qg4 Qc6 30. Qe4 Qc7 31. Be5 Qc5 32. Bc3 Qc7 33. Qe5 Qc6 34. Qe2 Rd3 35. Rd1 Qd7 36. Rxd3 cxd3 37. Qd2 Bc5 38. Nf1 Qd6 39. Ne3 Bb6 40. Nc4 Qc6 41. Nxb6 Qxb6 42. Qxd3 f6 43. Qd4 Qc6 44. Qd8+ Kh7 45. Qd3+ Kg8 46. Qg6 e5 47. f3 Qc5+ 48. Kh2 Qe3 49. Qg4 Qb6 50. Qc4+ Kh8 51. f4 exf4 52. Qxf4 Kh7 53. Qe4+ Kh8 54. b4 Qc7+ 55. Kh1 Qxc3 56. Qa8+ Kh7 57. Qxa6 Qe1+ 58. Kh2 Qe5+ 59. g3 Qb2+ 60. Kg1 Qc1+ 61. Kf2 Qd2+ 62. Kf3 Qd1+ 63. Ke3 Qg1+ 64. Kd2 Qxg3 65. Qd3+ Qxd3+ 66. Kxd3 f5 67. b5 g5 68. Ke3 f4+ 69. Kf3 Kg7 70. b6 Kf7 71. b7 Ke6 72. b8Q Kd5 1-0

[Event "BL 1718 (Women)"]
[Site "Germany"]
[Date "2018.02.17"]
[Round "8.4"]
[White "Jelica, Mara"]
[Black "Daemering, Katrin"]
[Result "1-0"]
[WhiteElo "2127"]
[BlackElo "2033"]
[PlyCount "79"]
[EventDate "2017.10.01"]
[EventType "team-tourn"]
[EventRounds "11"]
[EventCountry "GER"]
[SourceTitle "EXT 2019"]
[Source "ChessBase"]
[SourceDate "2018.10.10"]
[SourceVersion "1"]
[SourceVersionDate "2018.10.10"]
[SourceQuality "1"]
[WhiteTeam "Deizisau (W)"]
[BlackTeam "Leipzig Allianz (W)"]
[WhiteTeamCountry "GER"]
[BlackTeamCountry "GER"]

1. e4 c5 2. Nf3 d6 3. d4 cxd4 4. Nxd4 Nf6 5. Nc3 a6 6. Bg5 e6 7. f4 Be7 8. Qf3 Nbd7 9. 0-0-0 Qc7 10. g4 b5 11. Bxf6 Nxf6 12. g5 Nd7 13. f5 Ne5 14. Qg3 b4 15. Nce2 Bb7 16. Bg2 Rc8 17. Kb1 Qc4 18. fxe6 0-0 19. Nf4 f6 20. h4 Rc7 21. Rd2 Qc5 22. Nd5 Nc4 23. Rdd1 Bxd5 24. exd5 Rb8 25. Be4 g6 26. Nc6 Rf8 27. Nxe7+ Rxe7 28. gxf6 Rxf6 29. Qg5 Qf2 30. h5 Qf4 31. Qxf4 Rxf4 32. Bd3 Ne3 33. Rdg1 Nxd5 34. hxg6 h6 35. Rxh6 Rxe6 36. Rh8+ Kg7 37. Rh7+ Kg8 38. g7 Ne7 39. Rh8+ Kf7 40. Rf8# 1-0

[Event "GER-ch rapid (Women)"]
[Site "Erfurt"]
[Date "2017.07.30"]
[Round "6"]
[White "Daemering, Katrin"]
[Black "Osmanodja, Filiz"]
[Result "1-0"]
[WhiteElo "2021"]
[BlackElo "2184"]
[PlyCount "67"]
[EventDate "2017.07.29"]
[EventType "swiss (rapid)"]
[EventRounds "9"]
[EventCountry "GER"]
[SourceTitle "EXT 2020"]
[Source "ChessBase"]
[SourceDate "2019.10.17"]
[SourceVersion "1"]
[SourceVersionDate "2019.10.17"]
[SourceQuality "1"]

1. Nf3 Nf6 2. g3 b5 3. Bg2 Bb7 4. 0-0 e6 5. d3 d5 6. a3 Be7 7. Nc3 a6 8. Re1 d4 9. Nb1 0-0 10. e4 dxe3 11. fxe3 c5 12. Nc3 Qc7 13. e4 e5 14. h3 Rd8 15. Qe2 b4 16. Nd1 Nc6 17. Ne3 Nd4 18. Qf2 c4 19. Nxd4 Rxd4 20. Nxc4 Nxe4 21. Bxe4 Bxe4 22. axb4 Bxb4 23. c3 Bxd3 24. Nxe5 Re4 25. Nxd3 Rxe1+ 26. Qxe1 Bd6 27. Bf4 Bxf4 28. Nxf4 Qb6+ 29. Qf2 Qb3 30. Re1 Rb8 31. Re2 Qd1+ 32. Kh2 h6 33. Rd2 Qb3 34. Qd4 1-0